000 00597nam a2200205Ia 4500
003 IIN
005 20250325130225.0
008 250325s9999 xx ad 001 0 eng d
020 _cRs.1195.00
_a9789354669439
040 _aIIN
_bEnglish
082 _a611
_bCHA
100 1 _aChaurasia, BD
245 1 _aBD Chaurasia's Human Anatomy
_bRegional and Applied Dissection and Clinical Head and Neck
_cBD Chaurasia
250 _a10th ed
260 _bCBS
_aNew Delhi
_c2025
300 _axx, 322 p. / V.3
500 _aV.3 : Head and Neck
650 1 _aAnatomy
_xHuman Anatomy
942 _cBOOK
999 _c1695
_d1695